000
00350 a2200169 4500
001
168874
020
_a
85-322-3904-8
040
_c
Magnum
100
_a
Galdino, Luiz
240
1
0
_a
O destino de Perseu
_l
por
245
1
0
_a
O destino de Perseu
300
_a
94
362
0
_a
1999
440
1
_a
FTD
697
_a
LITERATURA JUVENIL
942
_c
BK
999
_c
168874
_d
168874